000
00271nam a22001337a 4500
008
170616b xxu||||| |||| 00| 0 eng d
020
_a
0815735553
041
_a
eng
080
_a
20
100
_a
20
101
_a
SHP
245
_a
IRAQ
_c
HELMS, CH.M
942
_2
udc
_c
BK
999
_c
17842
_d
17842